Normal view
MARC view
- Education
Entry Topical Term
001 - CONTROL NUMBER
- control field: 11442
003 - CONTROL NUMBER IDENTIFIER
- control field: NUST
005 - DATE AND TIME OF LATEST TRANSACTION
- control field: 20180705044052.0
008 - FIXED-LENGTH DATA ELEMENTS
- fixed length control field: 180705|| aca||aabn | a|a d
040 ## - CATALOGING SOURCE
- Original cataloging agency: NUST
- Transcribing agency: NUST
150 ## - HEADING--TOPICAL TERM
- Topical term or geographic name entry element: Education
- General subdivision: Aims and objectives.
670 ## - SOURCE DATA FOUND
- Source citation: Work cat.: (NUST)0: Russell, Bertrand, 1872-1970. 1985, Education and the social order /, 2010.
